| 000 | 00785cam a2200241 4500 | ||
|---|---|---|---|
| 001 | ABS62360 | ||
| 008 | 000000n2000 000 0 eng u | ||
| 035 | _a(Sirsi) u106250 | ||
| 100 | _aEdwards, M. | ||
| 245 | _aDiscordant voices | ||
| 260 | _c2000 | ||
| 490 |
_aEstates Gazette _v(0019) 13 May 2000, 143(1) |
||
| 520 | _aDiscusses "Merritt v SoS Environment" 2000 criticising the advice set out in DOE Circular 11/95 para 40, which the planning inspector had followed. | ||
| 590 | _aABS | ||
| 650 | _aMERRITT V SOS ENVIRONMENT | ||
| 650 | _aTOWN AND COUNTRY PLANNING ACT 1990 S78 | ||
| 650 | _aDOE CIRCULAR 11/1995 | ||
| 650 | _aMATERIAL CONSIDERATION | ||
| 650 | _aPLANNING POLICY | ||
| 690 |
_aPlanning and development _96259 |
||
| 700 | _aMartin, J. | ||
| 942 | _n0 | ||
| 999 |
_c63632 _d63632 |
||